Loading...
| Social Science | 0 | 1 | 0 | 0 | 10 | 45 | 45.00 | 1 | 1 |
| Fine Arts - Other Fine Arts | 0 | 1 | 0 | 0 | 10 | 32 | 32.00 | 1 | 1 |
| History - Other History | 0 | 1 | 0 | 0 | 10 | 21 | 21.00 | 1 | 1 |
| Literature - American Literature | 0 | 1 | 0 | 0 | 10 | 80 | 80.00 | 0 | 1 |
| Literature - European Literature | 0 | 1 | 0 | 0 | 10 | 69 | 69.00 | 0 | 1 |
| Literature - World Literature | 0 | 1 | 0 | 0 | 10 | 24 | 24.00 | 1 | 1 |
| Painting/Sculpture | 0 | 1 | 0 | 1 | 10 | 99 | 99.00 | 0 | 0 |
| Pop Culture | 0 | 1 | 0 | 0 | 10 | 42 | 42.00 | 0 | 0 |
| Religion | 0 | 1 | 0 | 1 | 10 | 114 | 114.00 | 0 | 1 |
| Science - Biology | 0 | 1 | 1 | 0 | 5 | 65 | 65.00 | 0 | 0 |
| Mythology | 0 | 1 | 1 | 0 | 5 | 74 | 74.00 | 0 | 1 |
| Current Events | 0 | 0 | 1 | 0 | -5 | 0.00 | 0 | 0 | |
| Science - Other Science | 0 | 0 | 1 | 0 | -5 | 0.00 | 0 | 0 | |
| Science - Physics | 0 | 0 | 1 | 0 | -5 | 0.00 | 0 | 0 |